الاسلام والمسلمون

Bibliographic Details
Main Author: رضوان، فتحى (Author)
Format: Book
Published: Bayrut Dar al-Shuruq 1982
Subjects:

MARC

LEADER 00000cam a2200000 7i4500
001 0000000370
008 021118s1982
090 0 0 |a BP42  |b .R32 1982 
100 0 |a رضوان، فتحى  |e author 
241 0 3 |a al-Islam wal-muslimun 
245 1 2 |a الاسلام والمسلمون  |c فتحى رضوان 
260 2 |a Bayrut  |b Dar al-Shuruq  |c 1982 
300 |a 506 p.  |c 23 cm 
650 0 |a Islam 
999 |a 1000015543  |b Book  |c OPEN SHELF (30 DAYS)  |e Gong Badak Campus 
999 |a 1000015544  |b Book  |c OPEN SHELF (30 DAYS)  |e Gong Badak Campus